[Event "Ch Slovenia (1 liga)"]
[Site "masterchessopen.com – Slovenia"]
[Round "0"]
[White "Rusjan Miran (SLO)"]
[Black "Markun Bostjan (SLO)"]
[Result "0-1"]
[WhiteElo "2192"]
[BlackElo "2328"]

1.d4 Nf6 2.c4 g6 3.Nc3 Bg7 4.e4 d6 5.f3 O-O 6.Be3 Nc6 7.Nge2 a6 8.Qd2 Rb8
9.Nc1 e5 10.d5 Nd4 11.Nb3 Nxb3 12.axb3 c5 13.g4 h5 14.h3 Nh7 15.O-O-O h4
16.Bh6 Bd7 17.Bxg7 Kxg7 18.f4 exf4 19.Qxf4 Qg5 20.Ne2 Rbe8 21.Bg2 f5 22.gxf5
Qxg2 23.Qxd6 Bxf5 24.exf5 Rxe2 25.Qxg6+ Qxg6 26.fxg6 Ng5 {#R} 0-1

[Event "It (cat.10) \"]
[Site "masterchessopen.com – Stare Mesto (Czech Republic)"]
[Round "0"]
[White "Haba Petr (CZE)"]
[Black "Babula Vlastimil (CZE)"]
[Result "1-0"]
[WhiteElo "2505"]
[BlackElo "2380"]

1.d4 Nf6 2.c4 g6 3.Nc3 Bg7 4.e4 d6 5.f3 O-O 6.Be3 Nc6 7.Nge2 a6 8.Qd2 Rb8
9.Rb1 b5 10.cxb5 axb5 11.b4 e5 12.d5 Ne7 13.Nc1 Bd7 14.Nb3 Nh5 15.Na5 f5
16.Bd3 Nf6 17.O-O fxe4 18.fxe4 Ng4 19.Bg5 c5 20.dxc6 Qb6+ 21.Kh1 Nxc6 22.Nd5
{#r} 1-0

[Event "It (open)"]
[Site "masterchessopen.com – San Sebastian (Spain)"]
[Round "0"]
[White "Eslon Jaan (SWE)"]
[Black "Alonso Arburu Juan Ignacio (ESP)"]
[Result "0-1"]
[WhiteElo "2420"]
[BlackElo "2364"]

1.d4 d6 2.e4 g6 3.c4 Bg7 4.Nc3 Nf6 5.f3 O-O 6.Be3 Nc6 7.Nge2 a6 8.Qd2 Rb8
9.Nc1 e5 10.Nb3 exd4 11.Nxd4 Re8 12.Be2 Bd7 13.O-O Nxd4 14.Bxd4 b5 15.cxb5
axb5 16.b4 c5 17.bxc5 dxc5 18.Bxc5 b4 19.Nd5 Nxd5 20.exd5 Bc3 21.Qc2 Bf5 {#R}
0-1

[Event "Ch World (juniors) (under 14)"]
[Site "masterchessopen.com – Bratislava (Slovakia)"]
[Round "8"]
[White "Peralta Fernando (ARG)"]
[Black "Matikozian Andranik (ARM)"]
[Result "1-0"]
[WhiteElo "2602"]
[BlackElo "2464"]

1.d4 d6 2.c4 g6 3.Nc3 Bg7 4.e4 Nf6 5.f3 O-O 6.Be3 Nc6 7.Nge2 a6 8.Qd2 Rb8 9.h4
b5 10.h5 Na5 11.Ng3 Nxc4 12.Bxc4 bxc4 13.O-O-O c6 14.Bh6 Qa5 15.Bxg7 Kxg7
16.hxg6 fxg6 17.Qh6+ Kf7 18.e5 dxe5 19.dxe5 Qxe5 20.Nge4 Rh8 21.Ng5+ Ke8
22.Qxg6+ {#r} 1-0

[Event "It (open)"]
[Site "masterchessopen.com – Bruchkoebel (Germany)"]
[Round "0"]
[White "Leimeister Erhard (GER)"]
[Black "Karabalis Harilos (GER)"]
[Result "0-1"]
[WhiteElo "2254"]
[BlackElo "2264"]

1.c4 Nf6 2.Nc3 g6 3.e4 d6 4.d4 Bg7 5.f3 O-O 6.Be3 Nc6 7.Nge2 a6 8.Qd2 Rb8 9.h4
h5 10.Nc1 e5 11.d5 Nd4 12.Nb3 c5 13.dxc6 bxc6 14.Nxd4 exd4 15.Bxd4 d5 16.cxd5
cxd5 17.e5 Nd7 18.f4 Re8 19.Bf2 Bh6 20.O-O-O Nxe5 21.Nxd5 Bf5 22.Nb6 Qc7+ {#R}
0-1

[Event "Zt"]
[Site "masterchessopen.com – Brussels (Belgium)"]
[Round "3"]
[White "Van Der Sterren Paul (NED)"]
[Black "Bosboom Manuel (NED)"]
[Result "1-0"]
[WhiteElo "2525"]
[BlackElo "2440"]

1.d4 g6 2.e4 Bg7 3.c4 d6 4.Nc3 Nf6 5.f3 a6 6.Be3 Nc6 7.Nge2 O-O 8.Qd2 Rb8 9.h4
b5 10.h5 Na5 11.Ng3 Nxc4 12.Bxc4 bxc4 13.Bh6 Bxh6 14.Qxh6 g5 15.Qxg5+ Kh8
16.O-O-O c6 17.Rd2 Rg8 18.Qf4 Qa5 19.Nf1 Be6 20.Ne3 Rb4 21.g4 Rgb8 22.Ned1 Nd7
23.g5 Kg7 24.Rg2 Nf8 25.d5 Bd7 26.e5 Qc7 27.g6 fxg6 28.hxg6 hxg6 29.e6 {#r}
1-0

[Event "It (cat.2)"]
[Site "masterchessopen.com – Budapest (Hungary)"]
[Round "10"]
[White "Zsinka Laszlo (HUN)"]
[Black "Kahn Evarth Dr (HUN)"]
[Result "0-1"]
[WhiteElo "2286"]
[BlackElo "2252"]

1.d4 Nf6 2.c4 g6 3.Nc3 Bg7 4.e4 O-O 5.f3 d6 6.Be3 Nc6 7.Nge2 a6 8.Qd2 Rb8 9.a3
Bd7 10.b4 Re8 11.Rd1 e6 12.Nc1 e5 13.dxe5 Nxe5 14.Be2 Be6 15.Nd5 b5 16.cxb5
axb5 17.O-O Bxd5 18.exd5 Qd7 19.Bf2 Ra8 20.Qa2 Nc4 21.Bxc4 bxc4 22.Qxc4 Rxa3
23.Nb3 Qf5 24.Nd4 Qg5 25.Nb5 Rxf3 26.h4 Qf4 27.Rd4 Ne4 28.gxf3 Be5 {#R} 0-1

[Event "It (cat.2) (a)"]
[Site "masterchessopen.com – Budapest (Hungary)"]
[Round "3"]
[White "Schneider Attila (HUN)"]
[Black "Stummer Anton (AUT)"]
[Result "1-0"]
[WhiteElo "2266"]
[BlackElo "2325"]

1.d4 Nf6 2.c4 g6 3.Nc3 Bg7 4.e4 d6 5.f3 O-O 6.Be3 Nc6 7.Nge2 a6 8.Qd2 Rb8 9.h4
h5 10.O-O-O b5 11.Bh6 Bxh6 12.Qxh6 e5 13.d5 Na5 14.Ng3 bxc4 15.Be2 Rb4 16.Rd2
c5 17.dxc6 Nxc6 18.a3 Rb7 19.Bxc4 Be6 20.Nd5 Bxd5 21.Rxd5 Nxd5 22.Nxh5 gxh5
23.Rh3 Qf6 24.Rg3+ Qg6 25.Rxg6+ fxg6 26.Bxd5+ {#r} 1-0

[Event "It (cat.4)"]
[Site "masterchessopen.com – Budapest (Hungary)"]
[Round "6"]
[White "Demirel Tolga (TUR)"]
[Black "Armanda Ivica (CRO)"]
[Result "0-1"]
[WhiteElo "2143"]
[BlackElo "2396"]

1.d4 Nf6 2.c4 g6 3.Nc3 Bg7 4.e4 d6 5.f3 O-O 6.Be3 Nc6 7.Qd2 a6 8.Nge2 Rb8
9.Nc1 e5 10.d5 Nd4 11.Nb3 c5 12.dxc6 bxc6 13.Nxd4 exd4 14.Bxd4 d5 15.cxd5 cxd5
16.e5 Re8 17.O-O-O Nd7 18.f4 Qa5 19.Kb1 Bf8 20.Ne2 Bb4 21.Bc3 Nc5 22.Bxb4 Bf5+
{#R} 0-1

[Event "It (b)"]
[Site "masterchessopen.com – Ceuta (Spain)"]
[Round "1"]
[White "Matamoros Franco Carlos S (ECU)"]
[Black "Medina Jose (ESP)"]
[Result "1-0"]
[WhiteElo "2555"]
[BlackElo "2062"]

1.d4 Nf6 2.c4 g6 3.Nc3 Bg7 4.e4 d6 5.f3 O-O 6.Be3 Nc6 7.Nge2 a6 8.Qd2 Rb8 9.h4
h5 10.Nc1 e5 11.d5 Nd4 12.Nb3 c5 13.dxc6 bxc6 14.Nxd4 exd4 15.Bxd4 Re8 16.Be2
d5 17.cxd5 cxd5 18.e5 Nd7 19.f4 Bh6 20.Be3 d4 21.Qxd4 Rxb2 22.O-O Qxh4 23.Bf3
a5 24.Nd5 Rb4 25.Nxb4 axb4 26.Rac1 Nf8 27.Qxb4 Ba6 28.Qa4 Re6 29.Rfd1 Qe7
30.Bf2 Bb7 31.Bxb7 Qxb7 32.Qc4 g5 33.Rb1 Qa8 {#r} 1-0

[Event "It (open)"]
[Site "masterchessopen.com – Chrudim (Czech Republic)"]
[Round "0"]
[White "Dubansky Bohuslav (CZE)"]
[Black "Hoffmann Hendrik (GER)"]
[Result "0-1"]
[WhiteElo "2237"]
[BlackElo "2253"]

1.e4 d6 2.d4 Nf6 3.f3 g6 4.c4 Bg7 5.Nc3 O-O 6.Be3 Nc6 7.Qd2 a6 8.Nge2 Rb8 9.d5
Ne5 10.Nd4 c5 11.Nb3 Bd7 12.Bh6 b5 13.Bxg7 Kxg7 14.cxb5 axb5 15.f4 Neg4 16.h3
b4 17.hxg4 bxc3 18.Qxc3 Bxg4 19.Be2 Bxe2 20.Kxe2 Qd7 21.Rh4 Qb5+ 22.Kf3 c4
23.Rah1 h5 24.Rxh5 gxh5 25.Nd4 Qxb2 26.Nf5+ Kh7 {#R} 0-1

[Event "Bundesliga (2nd) West 1992/93"]
[Site "masterchessopen.com – Germany"]
[Round "0"]
[White "Hoffmann Michael (GER)"]
[Black "Alber Horst (GER)"]
[Result "0-1"]
[WhiteElo "2455"]
[BlackElo "2340"]

1.d4 Nf6 2.c4 g6 3.Nc3 Bg7 4.e4 d6 5.f3 O-O 6.Be3 Nc6 7.Nge2 a6 8.Qd2 Rb8 9.h4
h5 10.Nc1 e5 11.d5 Nd4 12.N1e2 c5 13.dxc6 Nxc6 14.Nc1 Be6 15.Nb3 b5 16.cxb5
axb5 17.Bxb5 Nb4 18.a3 Na2 19.Rxa2 Bxb3 20.Ra1 d5 21.exd5 e4 22.Bc6 exf3
23.gxf3 Nxd5 24.Nxd5 Bxd5 25.Qxd5 Qc7 26.f4 Rfd8 27.Qe4 Rb3 28.Rc1 Qa5+ 29.Ke2
Rdd3 30.Rc3 Rxb2+ 31.Kf3 Qxc3 32.Bd5 Qc2 {#R} 0-1

[Event "Bundesliga (2nd) West 1992/93"]
[Site "masterchessopen.com – Germany"]
[Round "0"]
[White "Wintzer Joachim (GER)"]
[Black "Winterstein Wolfgang (GER)"]
[Result "1-0"]
[WhiteElo "2332"]
[BlackElo "2300"]

1.c4 Nf6 2.Nc3 g6 3.e4 d6 4.d4 Bg7 5.f3 O-O 6.Be3 Nc6 7.Nge2 a6 8.Qd2 Rb8 9.h4
h5 10.Nc1 e5 11.d5 Nd4 12.Nb3 Nxb3 13.axb3 c5 14.b4 b6 15.b5 a5 16.Be2 Nh7
17.g4 f5 18.gxf5 gxf5 19.exf5 Bxf5 20.O-O-O Rb7 21.Rdg1 Kh8 22.Bd1 Rg8 23.Ne4
Qf8 24.Rg3 Bf6 25.Rxg8+ Kxg8 26.Ng3 Bg6 27.Bc2 Qe8 28.Rg1 Bxc2 29.Nf5+ Kh8
30.Qxc2 Rd7 31.Nh6 Qf8 32.Rg8+ {#r} 1-0

[Event "Oberliga NRW 1992/93"]
[Site "masterchessopen.com – Germany"]
[Round "0"]
[White "Goy Udo (GER)"]
[Black "Brendel Oliver (GER)"]
[Result "0-1"]
[WhiteElo "2193"]
[BlackElo "2355"]

1.d4 Nf6 2.c4 g6 3.Nc3 Bg7 4.e4 d6 5.f3 O-O 6.Be3 Nc6 7.Nge2 a6 8.Qd2 Rb8 9.h4
b5 10.h5 e5 11.d5 Na5 12.Ng3 bxc4 13.O-O-O Bd7 14.Nb1 c5 15.dxc6 Nxc6 16.hxg6
fxg6 17.Bxc4+ d5 18.Bxd5+ Nxd5 19.Qxd5+ Rf7 20.Rxh7 Qc7 21.Nc3 Nb4 22.Rxg7+
Kxg7 23.Qc5 Be6 24.Kb1 Bc4 25.b3 Nxa2 26.Nxa2 Bxb3 27.Rc1 Bxa2+ 28.Kxa2 Qb7
29.Qxe5+ Kg8 30.Ka1 Qb4 31.Qxb8+ Qxb8 32.Bd4 Qxg3 {#R} 0-1

[Event "It (open)"]
[Site "masterchessopen.com – Hlohovec (Slovakia)"]
[Round "0"]
[White "Priehoda Vitezslav (CZE)"]
[Black "Kislov Mikhail (RUS)"]
[Result "1-0"]
[WhiteElo "2388"]
[BlackElo "2330"]

1.d4 Nf6 2.c4 g6 3.Nc3 Bg7 4.e4 d6 5.f3 O-O 6.Be3 Nc6 7.Nge2 a6 8.Qd2 Rb8
9.Nc1 e5 10.d5 Nd4 11.N1e2 c5 12.dxc6 Nxc6 13.Rd1 Be6 14.Nc1 Nd7 15.Nb3 Nc5
16.Nxc5 dxc5 17.Bxc5 Qxd2+ 18.Rxd2 Rfd8 19.Nd5 b5 20.b3 Nd4 21.Bxd4 Bxd5
22.Ba7 Rb7 23.Be3 {#r} 1-0

[Event "Ch Hungary (team) 1992/93"]
[Site "masterchessopen.com – Hungary"]
[Round "0"]
[White "Borsi Imre (HUN)"]
[Black "Zila Laszlo (HUN)"]
[Result "0-1"]
[WhiteElo "2151"]
[BlackElo "2279"]

1.d4 Nf6 2.c4 g6 3.Nc3 Bg7 4.e4 d6 5.f3 O-O 6.Be3 Nc6 7.Nge2 a6 8.Qd2 Rb8 9.g4
b5 10.Ng3 e5 11.Nce2 exd4 12.Nxd4 Ne5 13.cxb5 axb5 14.Be2 c5 15.Nc2 Nc4
16.Bxc4 bxc4 17.Na3 Nxg4 18.Nxc4 Nxe3 19.Qxe3 Be6 {#R} 0-1

[Event "Ch Hungary (team) 1992/93"]
[Site "masterchessopen.com – Hungary"]
[Round "0"]
[White "Kovacs Zoltan (HUN)"]
[Black "Boros Daniel (HUN)"]
[Result "0-1"]
[WhiteElo "2146"]
[BlackElo "2325"]

1.d4 Nf6 2.c4 g6 3.Nc3 Bg7 4.e4 d6 5.f3 O-O 6.Be3 Nc6 7.Nge2 Rb8 8.Qd2 a6
9.Nc1 e5 10.d5 Nd4 11.N1e2 c5 12.dxc6 bxc6 13.Nxd4 exd4 14.Bxd4 d5 15.cxd5
cxd5 16.exd5 Rb4 17.Be3 Re8 18.O-O-O Qa5 19.a3 Rb7 20.Bd4 Bd7 21.Bc4 Rc8
22.Ba2 Rcb8 23.Ne2 Rc8+ 24.Kb1 Qxa3 25.Ka1 Qf8 26.Rc1 Ba4 27.Rxc8 Qxc8 28.Rc1
Qd8 29.Rc3 h6 {#R} 0-1

[Event "It (open)"]
[Site "masterchessopen.com – Loosdorf (Austria)"]
[Round "1"]
[White "Ebner Johann (AUT)"]
[Black "Loginov Valery A (RUS)"]
[Result "0-1"]
[WhiteElo "2116"]
[BlackElo "2505"]

1.d4 Nf6 2.c4 g6 3.Nc3 Bg7 4.e4 d6 5.f3 O-O 6.Be3 a6 7.Qd2 Nc6 8.Nge2 Rb8
9.Nc1 e5 10.d5 Nd4 11.Nb3 Nxb3 12.axb3 c5 13.Bd3 Nh5 14.g4 Nf4 15.O-O-O b5
16.Ne2 Nxd3+ 17.Qxd3 bxc4 18.bxc4 Qa5 19.Nc3 Bd7 20.Nb1 Qa2 21.Qe2 Rb4 22.Rd3
Rfb8 23.Ra3 Rxc4+ 24.Rc3 Rxc3+ 25.Nxc3 Qa1+ 26.Nb1 Bb5 27.Qd2 Bd3 {#R} 0-1

[Event "It (b)"]
[Site "masterchessopen.com – Lublin (Poland)"]
[Round "9"]
[White "Bogdanovich Grigory (RUS)"]
[Black "Kaufmann Kurt (GER)"]
[Result "1-0"]
[WhiteElo "2337"]
[BlackElo "2115"]

1.d4 Nf6 2.c4 g6 3.Nc3 Bg7 4.e4 d6 5.f3 O-O 6.Be3 Nc6 7.Nge2 a6 8.Qd2 Rb8
9.Rd1 Bd7 10.Nc1 e5 11.Nb3 exd4 12.Nxd4 Nh5 13.Nxc6 bxc6 14.Be2 f5 15.exf5
gxf5 16.f4 Qe8 17.b3 Nf6 18.O-O c5 19.Rfe1 Bc6 20.Nd5 Bxd5 21.cxd5 Ne4 22.Qd3
Nc3 23.Rd2 Nb5 24.Rc1 Qe7 25.Bf2 Qe4 26.Qh3 Kh8 27.Bc4 {#r} 1-0

[Event "It (open)"]
[Site "masterchessopen.com – Madonna di Campiglio (Italy)"]
[Round "0"]
[White "Vallifuoco Giacomo (ITA)"]
[Black "Emanuelli Renato (ITA)"]
[Result "1-0"]
[WhiteElo "2365"]
[BlackElo "2255"]

1.d4 Nf6 2.c4 g6 3.Nc3 Bg7 4.e4 d6 5.f3 O-O 6.Be3 Nc6 7.Qd2 a6 8.Nge2 Rb8 9.g4
b5 10.O-O-O bxc4 11.h4 h5 12.gxh5 Nxh5 13.Nd5 e5 14.Bg5 Qe8 15.Bh6 exd4
16.Bxg7 Kxg7 17.Nxd4 Ne5 18.f4 Nd3+ 19.Bxd3 cxd3 20.Rhg1 Qxe4 21.Qc3 Kh6
22.Nc6 Rb5 23.Nf6 Qxf4+ {#r} 1-0

[Event "It \"]
[Site "masterchessopen.com – Philadelphia (USA)"]
[Round "0"]
[White "Sharma U (IND)"]
[Black "Colure Thomas Sean (USA)"]
[Result "1-0"]
[WhiteElo "2076"]
[BlackElo "2244"]

1.d4 Nf6 2.c4 g6 3.Nc3 Bg7 4.e4 d6 5.f3 O-O 6.Be3 Nc6 7.Nge2 a6 8.Qd2 Rb8 9.g4
b5 10.cxb5 axb5 11.Ng3 b4 12.Nce2 Ba6 13.Rc1 Na5 14.b3 Nb7 15.h4 Nd7 16.h5 Re8
17.hxg6 fxg6 18.Nf4 e5 19.dxe5 Bxf1 20.Qd5+ Kf8 21.Rxh7 Nxe5 22.Kxf1 Qd7
23.Bd4 c6 24.Rxc6 Qf7 25.Qxf7+ {#r} 1-0

[Event "Cup Croatia"]
[Site "masterchessopen.com – Pula (Croatia)"]
[Round "0"]
[White "Kovacevic Veljko (CRO)"]
[Black "Ribicic Mate (CRO)"]
[Result "0-1"]
[WhiteElo "2210"]
[BlackElo "2198"]

1.c4 Nf6 2.Nc3 g6 3.d4 Bg7 4.e4 d6 5.f3 O-O 6.Be3 Nc6 7.Nge2 a6 8.Qd2 Rb8 9.h4
b5 10.h5 e5 11.d5 Na5 12.Ng3 Nxc4 13.Bxc4 bxc4 14.O-O-O Bd7 15.Bh6 Bxh6
16.Qxh6 Qe7 17.Nge2 Rb7 18.Rd2 c6 19.g4 Rfb8 20.Ng3 c5 21.Rdh2 Bxg4 22.hxg6
fxg6 23.fxg4 Nxg4 24.Qh3 Nxh2 25.Rxh2 Qf6 26.a3 Rf7 27.Kb1 Rbf8 28.Ka2 Qe7
29.Qg4 Rf4 30.Qd1 Qg5 31.Nge2 Rf2 {#R} 0-1

[Event "It"]
[Site "masterchessopen.com – Seattle (USA)"]
[Round "1"]
[White "Oshiro Michael (USA)"]
[Black "Orlov Georgi (USA)"]
[Result "0-1"]
[WhiteElo "2097"]
[BlackElo "2479"]

1.e4 g6 2.d4 Bg7 3.c4 d6 4.Nc3 Nf6 5.f3 O-O 6.Nge2 Nc6 7.Be3 a6 8.Qd2 Rb8 9.h4
h5 10.O-O-O e5 11.d5 Na5 12.Ng3 b5 13.Nxb5 Nxc4 14.Bxc4 axb5 15.Bd3 Nd7 16.Kb1
Nc5 17.Bc2 Bd7 18.b4 Na4 19.Bb3 Qe7 20.Rc1 Rbc8 21.Rc6 Kh8 22.Qd3 Bxc6 23.dxc6
d5 24.Bxa4 d4 25.Bg5 f6 26.Bc1 bxa4 27.Ba3 Qe6 28.Rc1 Rb8 29.Rc5 Rfd8 30.Qa6
d3 {#R} 0-1

[Event "Ch Slovakia (juniors) (under 16)"]
[Site "masterchessopen.com – Slovakia"]
[Round "7"]
[White "Balogh Peter (SVK)"]
[Black "Veres Tomas (SVK)"]
[Result "1-0"]
[WhiteElo "1955"]
[BlackElo "2140"]

1.d4 Nf6 2.c4 g6 3.Nc3 Bg7 4.e4 d6 5.f3 O-O 6.Be3 Nc6 7.Nge2 a6 8.Qd2 Rb8 9.h4
b5 10.h5 e5 11.d5 Na5 12.Ng3 Bd7 13.Nxb5 Nxc4 14.Bxc4 Bxb5 15.Bxb5 Rxb5 16.Rc1
Qb8 17.Rc2 Qb7 18.b3 Rc8 19.Rc6 a5 20.Bh6 Rc5 21.hxg6 fxg6 22.Nf5 gxf5 23.Bxg7
Ne8 24.Rxc5 dxc5 25.Bxe5 c6 26.d6 Rd8 {#r} 1-0

[Event "Ch Toulouse"]
[Site "masterchessopen.com – Toulouse (France)"]
[Round "6"]
[White "Belotti Bruno (ITA)"]
[Black "Petit Eric-Thierry (FRA)"]
[Result "1-0"]
[WhiteElo "2410"]
[BlackElo "2057"]

1.d4 Nf6 2.c4 g6 3.Nc3 Bg7 4.e4 d6 5.f3 Nc6 6.Nge2 a6 7.Be3 Rb8 8.Qd2 O-O 9.h4
h5 10.O-O-O b5 11.Nf4 e5 12.dxe5 Nxe5 13.c5 Nfd7 14.cxd6 cxd6 15.Qxd6 Qa5
16.Kb1 Bb7 17.Nfd5 Bxd5 18.Nxd5 Nc4 19.Ne7+ Kh7 20.Nc6 Qa4 21.Bxc4 bxc4
22.Nxb8 Rxb8 23.Rd2 c3 24.Rc2 cxb2 25.Rd1 Rb7 26.Bd4 Bxd4 27.Qxd4 Qa3 28.Qd5
{#r} 1-0

[Event "It (open)"]
[Site "masterchessopen.com – Zalakaros (Hungary)"]
[Round "0"]
[White "Horvath Gyula (HUN)"]
[Black "Kadar Gabor (HUN)"]
[Result "1-0"]
[WhiteElo "2364"]
[BlackElo "2111"]

1.c4 Nf6 2.Nc3 g6 3.d4 Bg7 4.e4 d6 5.f3 O-O 6.Be3 a6 7.Qd2 Nc6 8.Nge2 Rb8 9.h4
b5 10.h5 bxc4 11.g4 e5 12.d5 Na5 13.O-O-O Ne8 14.Ng3 c6 15.g5 Bh8 16.Qh2 Qe7
17.dxc6 Be6 18.Nd5 Bxd5 19.Rxd5 Rb5 20.Bd2 Nc7 21.hxg6 fxg6 22.Rxd6 c3 23.Bxc3
Rf7 24.Rxg6+ Kf8 25.Bxb5 Nxb5 26.Qh6+ Bg7 27.Rxg7 {#r} 1-0

[Event "Oberliga Baden 1993/94"]
[Site "masterchessopen.com – Germany"]
[Date "1993.09.26"]
[Round "1"]
[White "Wilde Manfred (GER)"]
[Black "Gersinska Juergen (GER)"]
[Result "1-0"]
[WhiteElo "2125"]
[BlackElo "2271"]

1.d4 Nf6 2.c4 g6 3.Nc3 Bg7 4.e4 d6 5.f3 O-O 6.Be3 Nc6 7.Qd2 a6 8.Nge2 Rb8 9.g4
b5 10.h4 h5 11.gxh5 Nxh5 12.Nd5 e5 13.cxb5 axb5 14.Bg5 f6 15.Bh6 Be6 16.Rg1
Bf7 17.Rc1 Qd7 18.Rxc6 {#r} 1-0

[Event "It (open)"]
[Site "masterchessopen.com – Athens (Greece)"]
[Round "0"]
[White "Paraskevaidis Vasilios (GRE)"]
[Black "Spirakopoulos Ioannis (GRE)"]
[Result "1-0"]
[WhiteElo "1848"]
[BlackElo "2147"]

1.d4 Nf6 2.c4 g6 3.Nc3 Bg7 4.e4 d6 5.f3 O-O 6.Be3 Nc6 7.Nge2 a6 8.Qd2 Rb8 9.g4
b5 10.h4 e5 11.d5 Na5 12.Ng3 Nxc4 13.Bxc4 bxc4 14.h5 Bxg4 15.fxg4 Nxg4
16.O-O-O Nxe3 17.Qxe3 f5 18.exf5 gxf5 19.Qd2 e4 20.Rdg1 Kh8 21.h6 Be5 22.Rh5
c6 23.Nxf5 cxd5 24.Qg2 Rg8 25.Qg7+ {#r} 1-0

[Event "Ch Poland"]
[Site "masterchessopen.com – Biala-Podlaska (Poland)"]
[Round "6"]
[White "Jakubowski Tomasz (POL)"]
[Black "Dworakowski Lukasz (POL)"]
[Result "0-1"]
[WhiteElo "2313"]
[BlackElo "2317"]

1.d4 Nf6 2.c4 g6 3.Nc3 Bg7 4.e4 d6 5.f3 O-O 6.Be3 Nc6 7.Nge2 a6 8.Qd2 Rb8
9.Nc1 e5 10.d5 Nd4 11.Nb3 Nxb3 12.axb3 Kh8 13.Bd3 Ng8 14.O-O Qe7 15.b4 f5
16.c5 f4 17.Bf2 g5 18.cxd6 cxd6 19.b5 a5 20.b6 g4 21.fxg4 Bxg4 22.Nb5 f3
23.Be3 fxg2 24.Qxg2 Bh6 25.Bxh6 Nxh6 26.Kh1 Rg8 27.Rac1 Bd7 28.Qd2 Ng4 29.Rc7
Rbf8 30.Rf5 Qh4 31.Rxd7 Rxf5 {#R} 0-1

[Event "It (open)"]
[Site "masterchessopen.com – Bratto (Italy)"]
[Round "3"]
[White "Zoldan Matteo (ITA)"]
[Black "Cazzaniga Walter (ITA)"]
[Result "0-1"]
[WhiteElo "2191"]
[BlackElo "2118"]

1.c4 Nf6 2.Nc3 g6 3.e4 d6 4.d4 Bg7 5.f3 O-O 6.Be3 Nc6 7.Nge2 a6 8.Qd2 Rb8 9.h4
h5 10.O-O-O b5 11.Nf4 bxc4 12.g4 e5 13.dxe5 Nxe5 14.gxh5 Nxf3 15.Qg2 Nxe4
16.Qxf3 Nxc3 17.bxc3 Bf5 18.Bd4 Re8 19.Be2 Rb1+ 20.Kd2 Rb2+ 21.Ke1 Be4 22.Qh3
Bxh1 23.Qxh1 Bh6 24.hxg6 Qe7 25.gxf7+ Qxf7 26.Qg2+ Kh7 27.Nh3 Rexe2+ 28.Qxe2
Rxe2+ 29.Kxe2 Qe6+ {#R} 0-1

[Event "It (cat.2)"]
[Site "masterchessopen.com – Budapest (Hungary)"]
[Round "9"]
[White "Slavina Irina (RUS)"]
[Black "Boros Daniel (HUN)"]
[Result "0-1"]
[WhiteElo "2120"]
[BlackElo "2260"]

1.d4 Nf6 2.c4 g6 3.Nc3 Bg7 4.e4 d6 5.f3 O-O 6.Be3 Nc6 7.Qd2 a6 8.Nge2 Rb8
9.Nc1 e5 10.d5 Nd4 11.Nb3 c5 12.dxc6 bxc6 13.Nxd4 exd4 14.Bxd4 d5 15.cxd5 cxd5
16.e5 Re8 17.Be2 Nd7 18.f4 Bh6 19.Be3 Nxe5 20.O-O Nc4 21.Bxc4 dxc4 22.Qf2 Bf5
23.Bd4 Rxb2 24.Qxb2 Qxd4+ 25.Kh1 Bg7 26.Rac1 Bd3 27.Rfd1 Qxf4 28.Qb7 Be5 29.g3
Qf6 30.Qb2 Bxc3 31.Qxc3 Qf3+ {#R} 0-1

[Event "It (cat.3)"]
[Site "masterchessopen.com – Budapest (Hungary)"]
[Round "0"]
[White "Nguyen Anh Dung (VIE)"]
[Black "Peter Ambrus (HUN)"]
[Result "1-0"]
[WhiteElo "2340"]
[BlackElo "2315"]

1.c4 Nf6 2.Nc3 g6 3.e4 d6 4.d4 Bg7 5.f3 O-O 6.Be3 Nc6 7.Nge2 a6 8.Qd2 Rb8 9.h4
h5 10.Nd5 Nh7 11.O-O-O e6 12.Ndc3 b5 13.g4 b4 14.Nb1 hxg4 15.fxg4 d5 16.g5
dxc4 17.h5 c3 18.bxc3 bxc3 19.Nexc3 Nb4 20.Bc4 Qd6 21.a3 Nc6 22.e5 Nxe5
23.dxe5 Qxe5 24.Rh4 Qa5 25.hxg6 fxg6 26.Bd4 Nxg5 27.Bxg7 Kxg7 28.Rg1 Rf5
29.Rhg4 Nf7 30.Rxg6+ Kf8 31.Rg8+ Ke7 32.R1g7 c6 {#r} 1-0

[Event "It (open)"]
[Site "masterchessopen.com – Copenhagen (Denmark)"]
[Round "9"]
[White "Andersen Ole Bo (DEN)"]
[Black "Flaata Alexander R (NOR)"]
[Result "1-0"]
[WhiteElo "2138"]
[BlackElo "2108"]

1.d4 Nf6 2.c4 g6 3.Nc3 Bg7 4.e4 d6 5.f3 O-O 6.Be3 Nc6 7.Qd2 a6 8.Nge2 Rb8 9.h4
h5 10.Bh6 b5 11.O-O-O bxc4 12.g4 Nxg4 13.fxg4 Bxg4 14.Bh3 Nb4 15.Qe3 Bxe2
16.Bxg7 Kxg7 17.Nxe2 Nd3+ 18.Rxd3 cxd3 19.Nf4 c5 20.d5 Rh8 21.Qd2 Rh6 22.Qc3+
Kg8 23.Ne6 fxe6 24.Bxe6+ Kh7 25.Rf1 d2+ 26.Kd1 {#r} 1-0

[Event "Bundesliga (2nd) East 1993/94"]
[Site "masterchessopen.com – Germany"]
[Round "0"]
[White "Schemm H"]
[Black "Hoffmann Hendrik (GER)"]
[Result "0-1"]
[WhiteElo "2155"]
[BlackElo "2253"]

1.d4 Nf6 2.c4 g6 3.f3 Bg7 4.e4 d6 5.Nc3 O-O 6.Be3 a6 7.Qd2 Nc6 8.Nge2 Rb8 9.g4
b5 10.cxb5 axb5 11.Nd1 Re8 12.Nf2 b4 13.Rc1 Bd7 14.Bh6 Bh8 15.h4 e5 16.d5 Nd4
17.Nxd4 exd4 18.Bg5 h6 19.Bxh6 Nxd5 20.Bg5 Bf6 21.Be2 Bb5 22.Bxb5 Rxb5 23.Nd3
Ne3 24.Nxb4 d5 25.a4 Rxb4 26.Qxb4 dxe4 27.Bxe3 exf3 28.O-O Rxe3 29.Kh1 Be5
{#R} 0-1

[Event "Ch JBLN West 1993/94"]
[Site "masterchessopen.com – Germany"]
[Round "8"]
[White "Bruemmel Arend (GER)"]
[Black "Ruspini Robert (GER)"]
[Result "1-0"]
[WhiteElo "2072"]
[BlackElo "2072"]

1.d4 Nf6 2.c4 g6 3.Nc3 Bg7 4.e4 d6 5.f3 O-O 6.Be3 Nc6 7.Nge2 a6 8.Qd2 Rb8 9.h4
b5 10.h5 e5 11.d5 Na5 12.Ng3 bxc4 13.O-O-O Bd7 14.Bh6 c5 15.Be2 Qb6 16.Bxg7
Kxg7 17.hxg6 fxg6 18.Qh6+ Kg8 19.Rd2 Rf7 20.Nf1 Qb4 21.Bd1 Be8 22.g3 Rfb7
23.Rf2 Nb3+ 24.axb3 cxb3 25.Qe3 c4 26.f4 Nd7 27.Nd2 a5 28.Be2 Rc7 29.Rfh2 Nb6
30.fxe5 dxe5 31.Bg4 a4 32.Be6+ Kf8 33.Rxh7 {#r} 1-0

[Event "Hessenliga 1993/94"]
[Site "masterchessopen.com – Germany"]
[Round "0"]
[White "Radke Rocco-Mario (GER)"]
[Black "Mueller Andrea (GER)"]
[Result "1-0"]
[WhiteElo "2090"]
[BlackElo "2051"]

1.d4 Nf6 2.c4 g6 3.Nc3 Bg7 4.e4 O-O 5.Be3 d6 6.f3 a6 7.Qd2 Nc6 8.Nge2 Rb8 9.h4
e5 10.d5 Na5 11.Ng3 b5 12.cxb5 axb5 13.Nxb5 Ba6 14.Qxa5 Qc8 15.Na7 Qb7 16.Bxa6
Qxb2 17.O-O {#r} 1-0